Life of the master. (Record no. 16952)

000 -LEADER
fixed length control field 00536nam a2200181 a 4500
001 - CONTROL NUMBER
control field :::00020296$&:&@@
003 - CONTROL NUMBER IDENTIFIER
control field OkBaRHE
005 - DATE AND TIME OF LATEST TRANSACTION
control field 20100331124107.0
008 - FIXED-LENGTH DATA ELEMENTS--GENERAL INFORMATION
fixed length control field s1973 j 000 0 eng u
040 ## - CATALOGING SOURCE
Transcribing agency
100 1# - MAIN ENTRY--PERSONAL NAME
Personal name Hall, Newton M., and Wood, Irving F.
245 10 - TITLE STATEMENT
Title Life of the master.
260 ## - PUBLICATION, DISTRIBUTION, ETC. (IMPRINT)
Place of publication, distribution, etc Chicago
Name of publisher, distributor, etc John Rudin & Company
Date of publication, distribution, etc 1973
300 ## - PHYSICAL DESCRIPTION
Extent 506 p.
490 0# - SERIES STATEMENT
Series statement The Book of Life
942 ## - ADDED ENTRY ELEMENTS (KOHA)
Source of classification or shelving scheme
Koha item type Books
Copies
Copy number Permanent Location Not for loan Date acquired Date last seen Damaged status Withdrawn status Barcode Shelving location Full call number Lost status Koha item type Source of classification or shelving scheme Price effective from
1RHEMA Bible Training College 2010-04-142018-02-20  20296General StacksBS 551 .A3 V. 7 Books 2010-04-14